| 000 | 01124cam a22003134a 4500 | ||
|---|---|---|---|
| 001 | 14102096 | ||
| 003 | OSt | ||
| 005 | 20200721114322.0 | ||
| 008 | 050909s2006 njua 001 0 eng | ||
| 010 | _a 2005054446 | ||
| 020 | _a013119402X (alk. paper) | ||
| 040 |
_aDLC _cDLC _dDLC _dWaU |
||
| 042 | _apcc | ||
| 050 | 0 | 0 |
_aTJ223.P76 _bM378 2006 |
| 082 | 0 | 0 |
_a629.8/95 _222 |
| 100 | 1 |
_aMazidi, Muhammad Ali. _93274 |
|
| 245 | 1 | 4 |
_aThe 8051 microcontroller and embedded systems : _busing Assembly and C / _cMuhammad Ali Mazidi, Janice Gillispie Mazidi, Rolin D. McKinlay. |
| 250 | _a2nd ed. | ||
| 260 |
_aUpper Saddle River, N.J. : _bPearson/Prentice Hall, _c2006. |
||
| 300 |
_axiii, 626 p. : _bill. ; _c27 cm. |
||
| 500 | _aIncludes index. | ||
| 650 | 0 |
_aProgrammable controllers. _93275 |
|
| 650 | 0 |
_aMicrocontrollers. _93276 |
|
| 650 | 0 |
_aEmbedded computer systems. _93277 |
|
| 700 | 1 |
_aMcKinlay, Rolin D. _91918 |
|
| 906 |
_a7 _bcbc _corignew _d1 _eocip _f20 _gy-gencatlg |
||
| 942 |
_2ddc _cBK |
||
| 999 |
_c6316 _d6316 |
||